| 000 | 00782nam a2200205 a 4500 | ||
|---|---|---|---|
| 001 | 000035734 | ||
| 005 | 20200930074553.0 | ||
| 008 | 111109s1981 sp a 000 1 spa d | ||
| 040 |
_aDO-SdBNP _bspa _cBNPHU |
||
| 082 | _axxxx | ||
| 100 | 1 |
_aDröscher, Vitus B., _d1925- _961672 |
|
| 240 | 1 | 0 |
_aEin Krokodil zum frühstück _lEspañol |
| 245 | 1 | 3 |
_aUn cocodrilo para desayunar : _bhistorias sorprendentes de la conducta animal / _cVitus B. Droscher ; traducción del alemán por Joaquín Adsuar Ortega. |
| 260 |
_aBarcelona : _bPlaneta, _c1981. |
||
| 300 |
_a275 p. ; : _bil. ; _c24 cm. |
||
| 490 | 1 |
_aAl filo del tiempo. _aEnsayo |
|
| 500 | _aÍndice onomástico y de materia | ||
| 700 | 1 |
_aAdsuar Ortega, Joaquín María, _etr. _950655 |
|
| 830 | 0 |
_aAl filo del tiempo. _pEnsayo _961673 |
|
| 999 |
_c35225 _d35225 |
||